Statistics for NHL Arena Names (Retro)

Click here to take the quiz!

General Stats

  • This quiz has been taken 21 times
  • The average score is 11 of 21

Answer Stats

TeamArena% Correct
Boston BruinsBoston Garden
90%
New York RangersMadison Square Garden
90%
Detroit Red WingsJoe Louis Arena
86%
Montreal CanadiensMontreal Forum
86%
Chicago BlackhawksChicago Stadium
76%
Hartford WhalersHartford Civic Center
76%
Calgary FlamesOlympic Saddledome
67%
Buffalo SabresBuffalo Memorial Auditorium
62%
Toronto Maple LeafsMaple Leaf Gardens
62%
New York IslandersNassau Veterans Memorial Coliseum
62%
Quebec NordiquesColisee de Quebec
57%
Winnipeg JetsWinnipeg Arena
57%
Los Angeles KingsThe Forum
48%
Pittsburgh PenguinsCivic Arena
38%
Washington CapitalsCapital Centre
33%
Philadelphia FlyersThe Spectrum
33%
New Jersey DevilsBrendan Byrne Arena
29%
Minnesota North StarsMet Center
24%
Edmonton OilersNorthlands Coliseum
24%
Vancouver CanucksPacific Coliseum
24%
St. Louis BluesCheckerdome
14%

Score Distribution

Percentile by Number Answered

Percent of People with Each Score

Your Score History

You have not taken this quiz